1976 1176 1032 1092 1022 1367 1549 1646 1839 1573 1395 1878 1801 1685 1321 1051 1728 1288 1592 1604 1473 1084 1330 1187 1967 1030 1989 1725 1607 1749 1525 1225 1029 1013 1895 1236 1589 1391 1051 1089 1338 1379 1027 1115 1513 1563 1665 1290 1302 1315 1922 1565 1873 1429 1533 1942 1638 1197 1424 1301 1176 1976 1653 1535 1569 1151 1401 1000 1672 1197 1949 1075 1459 1252 1585 1821 1418 1603 1062 1025 1988 1122 1894 1663 1553 1770 2000 1088 1118 1342 1894 1465 1961 1382 1204 1654 1585 1581 1899 BCNSPRNW ULIB Ver.6.0+V

เปลี่ยนเป็นภาษาไทย

Change to English
 แสดงรายละเอียดบรรณานุกรม
  กลับหน้าหลัก

Brief Record : Get Marc (ISO 2709) : E-mail record : QR code < ปิดหน้าต่าง
LEADER : 00000nam 2200000uu 4500
001    13399127685
003     ULIB
008    210420s2562||||th 000 0 tha d
020 ^  ^a9786160035526
050 ^  ^aนว^bบ951ค
100 0  ^aใบสน.
245 1  ^aคีตาแสงจันทร์ /^cใบสน.
250 ^  ^aพิมพ์ครั้งที่ 1.
260 ^  ^aกรุงเทพฯ :^bพิมพ์คำ,^c2562.
300 ^  ^a404 หน้า ;^c21 ซม.
490 0  ^aจุมพิตรัตติกาล
945    ^p280^l0^i28871
999    ^aกัณชพร จุลอักษร
รายการนี้ยังไม่มีแท็ก
คุณยังไม่ได้ล็อกอิน คุณสามารถมีกิจกรรมร่วมกับเว็บไซต์ได้ แต่ต้องล็อกอินก่อน ::
  ล็อกอิน

รายการสื่อสารสนเทศ

ลำดับที่ ประเภท เลขเรียก/บาร์โค้ด สถานที่ สถานะ
1. วิทยาศาสตร์การแพทย์ และสุขภาพ
วิทยาศาสตร์การแพทย์ และสุขภาพ
นว บ951ค ฉ.1 
  Barcode: 28871
ห้องสมุดวิทยาเขตนครสวรรค์
►นวนิยาย:l:Fiction
บนชั้น

รายการใกล้เคียง
    ผู้แต่ง [ใบสน.]

BibComment


ยังไม่เคยถูกคอมเมนท์

คอมเมนท์ทรัพยากรรายการนี้
  คอมเมนท์: คีตาแสงจันทร์ ใ..


 Copyright 2026. Bcnsprnw @Library